01536 a2200169 45000010006000000050017000060080041000230030015000640400040000790800076001192450031001952500011002262640057002373000019002945051024003131000029013372331520260407155521.0260407a1975 arg spa dAR-UNSa-BCEJYS aAR-UNSa-BCEJYSbspacAR-UNSa-BCEJYS a657.23xCompensaciones. Correcciones. Ajustes (devaluación monetaria)10aContabilidad e Inflación a3a. ed 1aBuenos Aires :bEdiciones Economía y Empresac1975 a206 p.c23 cm. a1. La contabilidad y las fluctuaciones en el poadquisitivo de la moneda - 2. Definición del problema contables de los cambios en el poder adquisitivo de la moneda - 3. El índice aplicable - 4. Alcance de los ajustes - 5. Análisis general del comportamiento de los rubros frente a los cambios en el poder adquisitivo de la moneda - 6. Carácter de los ajustes - 7. Método para realizar los ajustes - 8. Determinación de las perdidas y ganancias de poder adquisitivo - 9. Imputación de las pérdidas y ganancias de poder adquisitivo - 10. Ajuste directo a valores de mercado como excepción a la norma general - 11. Disponibilidades y créditos - 12. Bienes de cambio y costo de las mercaderías o productos vendidos - 13. Inversiones - 14. Bienes de uso, bienes inmateriales y amortizaciones - 15. Cargos y utilidades diferidas - 16. Deudas, provisiones y previsiones - 17. Capital, reservas y resultados acumulados - 18. Resultados del ejercicio - 19. Presentación y dictamen de los estados ajustados1 aLazzati, Santiago Carlos